000 00494nam a2200145 a 4500
001 000038482
005 20201002031256.0
008 130412s1992 dr ac 000 0 spa d
020 _a0871872544
040 _aDO-SdBNP
_bspa
_cBNPHU
100 1 _aAnaya Roa, Jorge
_964828
245 1 3 _aEl congreso de los Estados Unidos : estructura y funcionamiento /
_cJorge Anaya Roa.
260 _aMéxico :
_bCongressional Quarterly
_bGrupo Noriega Editores,
_c1992.
300 _a248 p. :
_bil., retrs. ;
_c29 cm.
999 _c37972
_d37972